Methods of soil analysis

Збережено в:
Бібліографічні деталі
Автор: Bighamn, J. M (Автор)
Формат: Книга
Мова:Англійська
Опубліковано: Madison Soil Science Society of America 1996
Серія:Soil Science Society of America Book Series, 5
Предмети:
Теги: Додати тег
Немає тегів, Будьте першим, хто поставить тег для цього запису!

MARC

LEADER 00000nam a2200000 a 4500
001 UCJ0160
003 CL-VaPUC
008 060707e19960000US |||||||||||||||||eng|d
020 |a 0891188258 
082 0 4 |a 631.42  |b BIG  |2 21 
100 0 |a Bighamn, J. M  |e author  |9 500191 
245 1 0 |a Methods of soil analysis 
300 |a v 
942 |c BK 
945 |d 20060707 00:00:00  |a cmena 
260 |a Madison  |b Soil Science Society of America  |c 1996 
500 |a v.3: Chemical methods 
650 0 |a Análisis de suelos   |9 524831 
650 0 |a Agua del suelo   |9 348474 
650 0 |a Química del suelo  |9 360372 
650 7 |a FISICA DE SUELOS  |2 CL-VaPUC  |9 500192 
650 0 |a Composición del suelo  |9 392557 
650 7 |a TEMPERATURA DEL SUELO  |2 CL-VaPUC  |9 357452 
583 |a last modification  |c 20130305 02:05:00  |k Rodrigo Vera 
490 0 |a Soil Science Society of America Book Series, 5 
999 |c 317088  |d 317086 
952 |0 0  |1 0  |4 0  |6 631_420000000000000_BIG_1996  |7 0  |8 A  |9 392846  |a BIBAGR  |b BIBAGR  |d 2019-11-22  |h v.3  |i 4247671  |o 631.42 BIG 1996  |p 4247671  |r 2025-01-20  |w 2019-11-22  |y BK  |k AGR